| 000 | 00460nam a22001577a 4500 | ||
|---|---|---|---|
| 999 |
_c40633 _d40633 |
||
| 003 | OSt | ||
| 005 | 20210122142855.0 | ||
| 008 | 191016b ||||| |||| 00| 0 eng d | ||
| 020 | _a9780070660304 | ||
| 040 | _coclc | ||
| 082 |
_a954.03 _bTAR/M |
||
| 100 |
_aTarique, Mohammad _96276 |
||
| 245 |
_aModern Indian History / _cMohammad Tarique |
||
| 260 |
_aChennai: _bMcGraw Hill, _c2017. |
||
| 942 |
_2ddc _cREF _h954.03 _iTAR/M _k954.03 _mTAR/M |
||